Từ điển Anh - Việt

Saved in:
Bibliographic Details
Corporate Author: Viện ngôn ngữ học.Trung tâm khoa học xã hội và nhân văn quốc gia
Format: Book
Language:Undetermined
Published: H. Thế giới 2004
Subjects:
Tags: Add Tag
No Tags, Be the first to tag this record!
Institutions: Trung tâm Học liệu Trường Đại học Cần Thơ
LEADER 00655nam a2200193Ia 4500
001 CTU_62539
008 210402s9999 xx 000 0 und d
020 |b 260000 
082 |a 423.95922 
082 |b V305 
110 |a Viện ngôn ngữ học.Trung tâm khoa học xã hội và nhân văn quốc gia 
245 0 |a Từ điển Anh - Việt 
245 0 |c Trung tâm khoa học xã hội và nhân văn quốc gia.Viện ngôn ngữ học 
260 |a H. 
260 |b Thế giới 
260 |c 2004 
650 |a dictionaries 
904 |i Mai Loan 
980 |a Trung tâm Học liệu Trường Đại học Cần Thơ